000 00561nam a2200181Ia 4500
008 240729s9999 xx 000 0 und d
022 _a2748-8829
245 0 _aTH Wildau Engineering and Natural Sciences Proceedings
260 _aGermany
260 _bTIB Open Publishing
650 _a Engineering (General). Civil engineering (General)
650 _a Environmental engineering | Science
650 _a Science (General)
650 _aTechnology
856 _uhttps://doaj.org/toc/195a8d5d88d44a56bca3155b0672eca8
942 _2ddc
942 _cDOAJEJ
999 _c68212
_d68212
945 _a1
_bMadushi Gamage
_c1
_dMadushi Gamage